Indian labour migration to the Gulf: Recent trends, the regulatory environment and new evidences on migration costs (Record no. 512104)

000 -LEADER
fixed length control field 00493nam a2200145 4500
008 - FIXED-LENGTH DATA ELEMENTS--GENERAL INFORMATION
fixed length control field 191101b ||||| |||| 00| 0 eng d
100 ## - MAIN ENTRY--PERSONAL NAME
Personal name Sasikumar, S.K.
245 ## - TITLE STATEMENT
Title Indian labour migration to the Gulf: Recent trends, the regulatory environment and new evidences on migration costs
260 ## - PUBLICATION, DISTRIBUTION, ETC. (IMPRINT)
Name of publisher, distributor, etc Productivity
300 ## - PHYSICAL DESCRIPTION
Extent 60(2), Jul-Sep, 2019: p.111-125.
650 ## - SUBJECT ADDED ENTRY--TOPICAL TERM
Topical term or geographic name as entry element Labour - India
9 (RLIN) 12891
773 ## - HOST ITEM ENTRY
Main entry heading Productivity
906 ## - LOCAL DATA ELEMENT F, LDF (RLIN)
Subject DIP Migration - Gulf countries
942 ## - ADDED ENTRY ELEMENTS (KOHA)
Source of classification or shelving scheme
Item type Articles
Holdings
Withdrawn status Lost status Source of classification or shelving scheme Damaged status Not for loan Permanent location Current location Date acquired Serial Enumeration / chronology Barcode Date last seen Koha item type
          Indian Institute of Public Administration Indian Institute of Public Administration 2019-11-01 60(2), Jul-Sep, 2019: p.111-125. AR121537 2019-11-01 Articles

Powered by Koha